000 00554nam a2200205Ia 4500
005 20250923144425.0
008 008 250917s9999 xx 000 0 eng d
037 _aTextual
040 _aDSWL
_beng
_cDSWL
041 _aeng
_2eng
084 _aYX;5:8.44111, N47
_qDSWL
100 _aVenkata, Rao V
_9824754
245 0 _aSocial services administration
_cby Rao V Venkata
260 _c1947
300 _a106 p.
365 _aINR
_b2
925 _g2
942 _cTEXL
_hYX;5:8.44111, N47
999 _c1438663
_d1438663